| 000 | 00399nam a2200181Ia 4500 | ||
|---|---|---|---|
| 001 | 7582 | ||
| 005 | 20250626025217.0 | ||
| 008 | 211022s9999 xx 000 0 und d | ||
| 020 | _a0004133900 | ||
| 082 | _a751.422 CRA | ||
| 100 | _aCrawshaw, June | ||
| 245 | 0 | _aWatercolour made Easy | |
| 260 | _aLondon | ||
| 260 | _bHarper Collin Publishers | ||
| 260 | _c1995 | ||
| 300 | _a96 | ||
| 942 | _cBK | ||
| 999 |
_c3946 _d3946 |
||